00818nam a2200181 a 450000100100000000500170001000800410002704000250006808200150009310000270010824501470013526000680028230000200035050000960037070000400046695201130050699900170061900003510520200930074116.0111025s1909 sp 000 0 spa d aDO-SdBNPbspacBNPHU axxxxbO52p1 aOlona, Federico96077610a¡Pasional...! :bZarzuela dramática en un acto y tres cuadros, en prosa y versos /cFederico e Ignacio Olona ; música Roberto G. Ortells. aMadrid :bR. Velasco,, impresor, Marqués de Santa Ana,c1909. a39 p. ;c20 cm. aEstrenada con extraordinario éxito en el Teatro Barbieri la noche del 5 de marzo de 1909.12aOrtells, Roberto G.,emús.960777 001050718MOaGRbGRcCTd2011-10-25iLF1l0oxxxx O52pp35105-10r2020-06-25w2020-06-25y1ZNo se presta c34596d34596